00623nam a22002057a 450000500170000001000130001702000260003003500130005603700160006904000120008508200160009710000160011324500710012926000460020027000700024630000230031650000200033965000220035965000360038120170124110213.0 aB-226994 c300.00a9788189072131 aB-226994 bCen Lib/Ret aDPLbEN a954.09bMAK aMakkhan Lal aGandhi's assassination :cby Makkhan Lalbwhat the documents say / aNew DelhibIndia first founadation c2006 bNew DelhiaG-3 Dhawandeep builiding 6, Jantar mantar roade110001 axv,198p.c23cm(Hb) aIncludes index  aPolitical science aAssassinationxPolitical leader